| 000 | 00823nam a2200253 a 4500 | ||
|---|---|---|---|
| 005 | 20200104041518.0 | ||
| 008 | 140225b1995 ck ||||| |||| 00| 0 spa d | ||
| 040 |
_aCO-BoIAVH _cCO-BoIAVH |
||
| 041 | _aspa | ||
| 044 | _ack | ||
| 082 |
_aLB-333.72 _bJ37e |
||
| 110 |
_bJardín Botánico de Córdoba _96741 |
||
| 245 | _aJardín Botánico de Córdoba y su compromiso por la conservación | ||
| 260 |
_aCórdoba _bFundación Pública Municipal Jardín Botánico de Córdoba _c1995 |
||
| 300 | _a44 p. | ||
| 650 |
_aConservación de biodiversidad _9345 |
||
| 650 |
_aApoyo institucional _97678 |
||
| 650 |
_aBanco de germoplasma _93592 |
||
| 650 |
_aEtnobotánica _945583 |
||
| 650 |
_aPaleobotánica _94317 |
||
| 650 |
_aPalinología _945584 |
||
| 662 |
_aEspaña _cJardín Botánico _bCórdoba |
||
| 942 |
_cLIBRO _2ddc _01 |
||
| 999 |
_c1107 _d1107 |
||